10 steps to successful presentations (Record no. 236487)

MARC details
000 -LEADER
fixed length control field 00588nam a2200181Ia 4500
008 - FIXED-LENGTH DATA ELEMENTS--GENERAL INFORMATION
fixed length control field 191130s2008##################000#0#eng##
020 ## - INTERNATIONAL STANDARD BOOK NUMBER
ISBN 9781562865146
082 ## - DEWEY DECIMAL CLASSIFICATION NUMBER
Classification number 658.452 AST
245 ## - TITLE STATEMENT
Title 10 steps to successful presentations
260 ## - PUBLICATION, DISTRIBUTION, ETC. (IMPRINT)
Place of publication Alexandria, VA
Name of publisher ASTD Press
Year of publication c2008
300 ## - PHYSICAL DESCRIPTION
Number of Pages viii, 189 p. : ill. ; 23 cm
500 ## - GENERAL NOTE
General note Includes bibliographical references (p. 183-184) and index
650 ## - SUBJECT ADDED ENTRY--TOPICAL TERM
Topical Term Business presentations
710 ## - ADDED ENTRY--CORPORATE NAME
Corporate name or jurisdiction name as entry element American Society for Training and Development
Holdings
Withdrawn status Lost status Damaged status Not for loan Home library Current library Shelving location Date acquired Full call number Accession Number Price effective from Koha item type
        Anna Centenary Library Anna Centenary Library 6TH FLOOR, B WING 13.10.2020 658.452 AST 202840 13.10.2020 English Books

Find us on the map